| 000 | 00431 a2200169 4500 | ||
|---|---|---|---|
| 001 | 066091 | ||
| 003 | OSt | ||
| 005 | 20210909171145.0 | ||
| 008 | |||
| 082 |
_a160 _bM72M |
||
| 245 | 1 |
_aModern critical thought _cedited by Milne Drew |
|
| 260 |
_aUSA _bBlackwell _c2003 |
||
| 300 | _a372p. | ||
| 690 | _aPhilosophy, Modern; Criticism (Philosophy) | ||
| 700 | _eDrew, Milne, ed. | ||
| 942 |
_2ddc _cBK |
||
| 999 |
_c283 _d283 |
||